Normal view
MARC view
- Persian Gulf Region
Entry Geographic Name
001 - CONTROL NUMBER
- control field: 4943
003 - CONTROL NUMBER IDENTIFIER
- control field: NUST
005 - DATE AND TIME OF LATEST TRANSACTION
- control field: 20170925115255.0
008 - FIXED-LENGTH DATA ELEMENTS
- fixed length control field: 170925|| aca||aabn | a|a d
040 ## - CATALOGING SOURCE
- Original cataloging agency: NUST
- Transcribing agency: NUST
151 ## - HEADING--GEOGRAPHIC NAME
- Geographic name: Persian Gulf Region
- General subdivision: Environmental conditions.
670 ## - SOURCE DATA FOUND
- Source citation: Work cat.: (NUST)0: The Gulf ecosystem :, 2002.
